Nông nghiệp ứng dụng công nghệ cao là yêu cầu tất yếu để hội nhập quốc tế

Nội dung sách đã phân tích làm sáng tỏ cơ sở khoa học về nông nghiệp ứng dụng công nghệ cao, giới thiệu những công nghệ vượt bậc đã tạo nên những thương hiệu nông sản của các quốc gia có tầm ảnh hưởng quốc tế....

Täydet tiedot

Tallennettuna:
Bibliografiset tiedot
Päätekijä: Phạm, S
Aineistotyyppi: Kirja
Kieli:Undetermined
Julkaistu: Hà Nội Khoa học và kỹ thuật 2015
Aiheet:
Tagit: Lisää tagi
Ei tageja, Lisää ensimmäinen tagi!
Thư viện lưu trữ: Trung tâm Học liệu Trường Đại học Cần Thơ
LEADER 01119nam a2200217Ia 4500
001 CTU_238217
008 210402s9999 xx 000 0 und d
020 |c 135000 
082 |a 630 
082 |b S460 
100 |a Phạm, S 
245 0 |a Nông nghiệp ứng dụng công nghệ cao là yêu cầu tất yếu để hội nhập quốc tế 
245 0 |c Phạm S 
260 |a Hà Nội 
260 |b Khoa học và kỹ thuật 
260 |c 2015 
520 |a Nội dung sách đã phân tích làm sáng tỏ cơ sở khoa học về nông nghiệp ứng dụng công nghệ cao, giới thiệu những công nghệ vượt bậc đã tạo nên những thương hiệu nông sản của các quốc gia có tầm ảnh hưởng quốc tế. 
650 |a Vietnam,Việt Nam 
650 |x Agricultural conditions,Agricultural conditions,Developing countries,Điều kiện nông nghiệp,Các quốc gia phát triển 
910 |a Tuyến 
980 |a Trung tâm Học liệu Trường Đại học Cần Thơ